Statistical Handbook of Thimphu Dzongkhag 2019 (Record no. 8433)

MARC details
000 -LEADER
fixed length control field 00351nam a22001217a 4500
008 - FIXED-LENGTH DATA ELEMENTS--GENERAL INFORMATION
fixed length control field 200128b ||||| |||| 00| 0 eng d
020 ## - INTERNATIONAL STANDARD BOOK NUMBER
International Standard Book Number 9789993698104
082 ## - DEWEY DECIMAL CLASSIFICATION NUMBER
Classification number Periodicals Serials
245 ## - TITLE STATEMENT
Title Statistical Handbook of Thimphu Dzongkhag 2019
260 ## - PUBLICATION, DISTRIBUTION, ETC.
Place of publication, distribution, etc. Thimphu ;
Name of publisher, distributor, etc. Dzongkhag Administration,
Date of publication, distribution, etc. 2019.
300 ## - PHYSICAL DESCRIPTION
Extent xxv, 370 p.
Dimensions 24 cm.
942 ## - Added entry Elements (Koha)
Source of classification or shelving scheme Dewey Decimal Classification
Holdings
Withdrawn status Lost status Source of classification or shelving scheme Damaged status Not for loan Collection code Home library Current library Shelving location Date acquired Serial Enumeration / chronology Total Checkouts Full call number Barcode Date last seen Price effective from Koha item type
    Dewey Decimal Classification     Periodicals RTC Library RTC Library Periodicals 28/01/2020 14457   Periodicals Serials 30014643 28/01/2020 28/01/2020 Periodicals
Royal Thimphu College || All Right Reserved